书目信息 |
| 题名: |
邓小平理论与"三个代表"重要思想概论
|
|
| 作者: | 许时萍 , 杨甘霖 主编 | |
| 分册: | ||
| 出版信息: | 北京 北京邮电学院出版社 2005.03 |
|
| 页数: | 251页 | |
| 开本: | 23cm | |
| 丛书名: | ||
| 单 册: | ||
| 中图分类: | A849 , D261 | |
| 科图分类: | ||
| 主题词: | 邓小平理论--deng xiao ping li lun--教材 , "三个代表"思想--"san ge dai biao"si xiang--教材 | |
| 电子资源: | ||
| ISBN: | 7-5635-1051-6 | |
| 000 | 01122nam0 2200265 450 | |
| 001 | 012006215597 | |
| 005 | 20060630162041.95 | |
| 010 | @a7-5635-1051-6@dCNY26.00 | |
| 100 | @a20060610d2005 km y0chiy0120 ea | |
| 101 | 0 | @achi |
| 102 | @aCN@b110000 | |
| 105 | @ay a 000yy | |
| 200 | 1 | @a邓小平理论与"三个代表"重要思想概论@Adeng xiao ping li lun yu"san ge dai biao"zhong yao si xiang gai lun@f许时萍, 杨甘霖主编@Fxu shi ping,yang gan lin zhu bian |
| 210 | @a北京@c北京邮电学院出版社@d2005.03 | |
| 215 | @a251页@d23cm | |
| 320 | @a有书目。 | |
| 330 | @a本书从新课程体系和要求出发,借鉴近年来邓小平理论与“三个代表”重要思想研究领域的最新成果,对十六大以来的中央文献精神和大学生关心的现实问题进行了分析。全书对大学生学习和掌握邓小平理论和“三个代表”重要思想,提高大学生理解党的方针政策的自觉性具有帮助作用。 | |
| 606 | 0 | @a邓小平理论@Adeng xiao ping li lun@j教材 |
| 606 | 0 | @a"三个代表"思想@A"san ge dai biao"si xiang@j教材 |
| 690 | @aA849@v4 | |
| 690 | @aD261@v4 | |
| 701 | 0 | @a许时萍@Axu shi ping@4主编 |
| 701 | 0 | @a杨甘霖@Ayang gan lin@4主编 |
| 801 | 0 | @aCN@bQSSK@c20060630 |
| 905 | @a10447@dA849@eX894 | |
| 邓小平理论与"三个代表"重要思想概论/许时萍, 杨甘霖主编.-北京:北京邮电学院出版社,2005.03 |
| 251页;23cm |
| ISBN 7-5635-1051-6:CNY26.00 |
| 本书从新课程体系和要求出发,借鉴近年来邓小平理论与“三个代表”重要思想研究领域的最新成果,对十六大以来的中央文献精神和大学生关心的现实问题进行了分析。全书对大学生学习和掌握邓小平理论和“三个代表”重要思想,提高大学生理解党的方针政策的自觉性具有帮助作用。 |
| ● |
| 相关链接 |
|
|
|
正题名:邓小平理论与"三个代表"重要思想概论
索取号:A849/X894
 
预约/预借
| 序号 | 登录号 | 条形码 | 馆藏地/架位号 | 状态 | 备注 |
| 1 | 583384 | 205833847 | 社科库509/509社科库 5排4列3层/ [索取号:A849/X894] | 在馆 | |
| 2 | 583385 | 205833856 | 社科库509/509社科库 5排4列3层/ [索取号:A849/X894] | 在馆 | |
| 3 | 583386 | 205833865 | 社科库509/509社科库 5排4列3层/ [索取号:A849/X894] | 在馆 |